000
00291nam a2200109Ia 4500
008
230907s9999||||xx |||||||||||||| ||und||
082
_a
621.31042,PYR
100
_a
Pyrhonen, Juha.
_9
115301
245
0
_a
Design of rotating electrical machines /
300
_a
xxvii, 584 pages ;
942
_c
BK
999
_c
598049
_d
598049